Países en la Mancomunidad de Naciones - Estadísticas

Estadísticas generales
  • Esta prueba ha sido intentada 4.563 veces
    2.094 desde el último reinicio
  • La puntuación promedio es 33 de 56
Estadísticas de respuestas
Año País % Correcto
1931 Australia
92%
1931 Nueva Zelanda
88%
1931 Reino Unido
84%
1931 Canadá
84%
1931 Sudáfrica
81%
1947 India
81%
1978 Tuvalu
69%
1966 Barbados
68%
1970 Fiyi
68%
1979 San Vicente y las Granadinas
68%
1981 Antigua y Barbuda
67%
1963 Kenia
67%
1979 Santa Lucía
67%
1962 Jamaica
66%
1983 San Cristóbal y Nieves
66%
1964 Zambia
66%
1978 Islas Salomón
64%
1970 Samoa
64%
1961 Tanzania
63%
1980 Vanuatu
63%
1973 Bahamas
62%
1974 Granada
62%
1966 Lesoto
62%
1947 Pakistán
62%
1970 Tonga
62%
1962 Trinidad y Tobago
62%
1990 Namibia
61%
1968 Nauru
61%
1960 Nigeria
61%
1968 Esuatini
60%
1972 Bangladés
59%
1981 Belice
59%
1966 Botsuana
59%
1978 Dominica
57%
1979 Kiribati
57%
1962 Uganda
56%
1957 Ghana
54%
2009 Ruanda
54%
1975 Papua Nueva Guinea
52%
1948 Sri Lanka
52%
1976 Seychelles
51%
1965 Gambia
48%
1966 Singapur
48%
1995 Camerún
47%
1966 Guyana
47%
1957 Malasia
47%
1964 Malaui
47%
1968 Mauricio
47%
1995 Mozambique
47%
2022 Togo
47%
1982 Maldivas
46%
2022 Gabón
44%
1964 Malta
42%
1961 Sierra Leona
39%
1984 Brunéi
38%
1961 Chipre
38%
No se encontraron pruebas coincidentes
Distribución de puntuación
Porcentaje de gente con cada puntuación
Porcentaje por número respondido
Historial de tus puntuaciones
No has intentado esta prueba desde el último reinicio